banner koha

Danos causados pela mosca-minadora Liriomyza huidobrensis Blanchard, 1926 (Diptera: Agromyzidae)na cultura da batata (Solanum tuberosum L.), no plantio de inverno no sul de Minas Gerais, e eficiencia do aldicarb no seu controle (Registro n. 162782)

MARC details
000 -LÍDER
campo de controle de tamanho fixo 01036nas a2200301 4500
001 - NÚMERO DE CONTROLE
campo de controle BR9904857
003 - IDENTIFICADOR DO NÚMERO DE CONTROLE
campo de controle BR-BrBNA
005 - DATA E HORÁRIO DA ÚLTIMA TRANSAÇÃO
campo de controle 20231205101611.0
007 - CAMPO FIXO DE DESCRIÇÃO FÍSICA--INFORMAÇÃO GERAL
campo de controle de tamanho fixo ta
008 - CAMPO DE DADOS FIXOS--INFORMAÇÃO GERAL
campo de controle de tamanho fixo 230509b bl.|||p| |||| 00| 00por d
040 ## - FONTE DA CATALOGAÇÃO
Instituição da catalogação original BR-BrBNA
Idioma da catalogação por
Instituição que transcreveu o registro Biblioteca Nacional de Agricultura
041 ## - CÓDIGO DE IDIOMA
Código do idioma do texto/trilha sonora ou título diferente (Pt)
072 ## - CÓDIGO DE CATEGORIA DE ASSUNTO
Código de Categoria de Assunto H10
100 1# - ENTRADA PRINCIPAL--NOME PESSOAL
Nome pessoal Souza, J.C. de
100 1# - ENTRADA PRINCIPAL--NOME PESSOAL
Nome pessoal Salgado, L.O.
100 1# - ENTRADA PRINCIPAL--NOME PESSOAL
Nome pessoal Rigitano, R.L. de O.
100 1# - ENTRADA PRINCIPAL--NOME PESSOAL
Nome pessoal Reis, P.R.
245 1# - TÍTULO
Título Danos causados pela mosca-minadora Liriomyza huidobrensis Blanchard, 1926 (Diptera: Agromyzidae)na cultura da batata (Solanum tuberosum L.), no plantio de inverno no sul de Minas Gerais, e eficiencia do aldicarb no seu controle
650 ## - ASSUNTO--TERMO TÓPICO
Cabeçalho tópico ou nome geográfico Batata
650 ## - ASSUNTO--TERMO TÓPICO
Cabeçalho tópico ou nome geográfico Mosca Minadora
650 ## - ASSUNTO--TERMO TÓPICO
Cabeçalho tópico ou nome geográfico Cultura de Inverno
650 ## - ASSUNTO--TERMO TÓPICO
Cabeçalho tópico ou nome geográfico Controle Quimico
650 ## - ASSUNTO--TERMO TÓPICO
Cabeçalho tópico ou nome geográfico Infestacao
650 ## - ASSUNTO--TERMO TÓPICO
Cabeçalho tópico ou nome geográfico Minas Gerais
773 0# - ENTRADA ANALÍTICA
Título Ciencia e Agrotecnologia (Brazil)
ISSN - International Standard Serial Number ISSN 1413-7054
Partes relacionadas (Jan-Mar 1998), v. 22(1) p. 22-29
Número de controle do registro BR9904857
909 ## -
-- 202311
-- Lúcia
-- 55
-- Lúcia Elande
942 ## - ELEMENTOS DE ENTRADA ADICIONADOS (KOHA)
Fonte da classificação ou esquema de arquivamento na estante Classificação AGRIS
Ocultar no OPAC Não
Tipo de material Koha Analítica
Exemplares
Situação do descarte Fonte da classificação ou esquema de arquivamento na estante Situação física Não pode ser emprestado Biblioteca de origem Biblioteca atual Localização na estante Enumeração do periódico / cronologia Total de empréstimos Data de último acesso Número do exemplar Tipo de material Koha Fonte de aquisição
  Classificação AGRIS   Consulta local Biblioteca Nacional de Agricultura - Binagri Biblioteca Nacional de Agricultura - Binagri   (Jan-Mar 1998), v. 22(1) p. 22-29   29/11/2023 01 Periódicos Portaria Interministerial nº 164/94

BINAGRI

Telefone: (61)3218-2567/2388/3357/2097 - binagri@agro.gov.br

Ministério da Agricultura e Pecuária , Esplanada dos Ministérios, Bloco D, Anexo B, Brasília/DF, CEP: 70.043-900